[Event "CZE National Open 2020"]
[Site "Kouty nad Desnou"]
[Date "2020.03.09"]
[Round "3.1"]
[White "Zezula, Jakub"]
[Black "Slepankova, Radka"]
[Result "0-1"]
[WhiteElo "1465"]
[BlackElo "1953"]
[Annotator "TA"]
[PlyCount "90"]
[EventDate "2020.03.07"]
[EventCountry "CZE"]
[SourceTitle "playchess.com"]
[Source "ChessBase"]
[SourceQuality "1"]

{[%evp 20,90,6,-3,70,71,66,56,97,29,29,22,23,33,23,15,8,3,6,-91,-81,-94,-85,-79,-71,-88,-54,-54,-70,-160,-164,-187,-147,-130,-65,-193,-208,-236,-235,-492,-443,-553,-562,-555,-540,-533,-539,-543,-542,-776,-739,-1043,-1034,-1172,-1000,-1145,-979,-872,-548,-549,-541,-532,-517,-529,-510,-483,-510,-560,-498,-519,-516,-545,-541]} 1. e4 c5 2. Nf3 Nc6 3. d4 cxd4 4. Nxd4 Nf6 5. Nc3 e5 6. Ndb5 d6 7. Be3 a6 8. Na3 b5 9. Nd5 Nxd5 10. exd5 Ne7 11. c4 bxc4 {B33: Sicilian: Pelikan and Sveshnikov Variations.} (11... Nf5 $11) 12. Nxc4 $14 {Qa4+ is the strong threat.} Nf5 {[%cal Be7f5,Bf5h4,Bh4g2][%mdl 32]} 13. Bb6 Qg5 {[#] White is slightly better.} 14. Qf3 $146 (14. Ba5 $16) ({Predecessor:} 14. Ba5 Nd4 15. Rc1 Bg4 16. Qd2 Qxd2+ 17. Bxd2 Bf5 18. Rc3 Be7 19. f4 O-O 20. Bd3 {1-0 (51) Sochacki,W (2239)-Baturo,T (2059) Rewal 2008}) 14... Be7 $11 15. Bd3 Nh4 16. Qg3 Nxg2+ 17. Kf1 Nf4 $132 {[%mdl 2048] [#] Black is fighting back} 18. Nxd6+ $1 {[%mdl 512]} Kf8 {White must now prevent ...Bh3+.} (18... Bxd6 19. Qxg5) 19. Qxg5 {[#]} (19. Nxc8 $11 {remains equal.} Qxg3 20. hxg3 Nxd3 21. Ke2 Nxf2 22. Kxf2 Rxc8 23. Rac1) 19... Bh3+ $1 $17 20. Kg1 Bxg5 21. Bf1 Bxf1 22. Kxf1 Nxd5 23. Bc5 Be7 24. Rc1 {[#]} ({White should try} 24. Rg1 $15) 24... Nf4 $1 {[%cal Rf4d3] Threatens to win with ...Nd3.} 25. Ne4 Bxc5 26. Rxc5 f6 (26... Rb8 $17 27. b3 Rd8) 27. f3 {Loses the game.} (27. Rc7 $1 $15) 27... Rd8 $19 {aiming for ...Rd1+.} 28. Nf2 Ke7 {And now ...Rd2 would win.} 29. Rc6 $2 (29. Rc7+ Ke6 30. Rg1) 29... Rc8 {Black is clearly winning.} 30. Rc3 Rxc3 31. bxc3 {[%mdl 4096] Endgame KRN-KRN} Rb8 {Strongly threatening ...Rb1+.} 32. Nd1 Rb1 33. Ke1 Ra1 34. Rg1 g6 35. h4 Rxa2 36. Rh1 Re2+ 37. Kf1 Rd2 38. Ke1 Rd3 39. Rf1 a5 40. Rf2 a4 41. Ra2 Rxf3 42. Rxa4 h5 43. c4 Rh3 44. c5 Nd3+ 45. Kd2 Nxc5 {Accuracy: White = 39%, Black = 73%.} 0-1

[Event "CZE National Open 2020"]
[Site "Kouty nad Desnou"]
[Date "2020.03.09"]
[Round "3.2"]
[White "Klabenes, Petr"]
[Black "Sichrovsky, Tomas"]
[Result "1/2-1/2"]
[WhiteElo "1672"]
[BlackElo "1470"]
[Annotator "NA"]
[PlyCount "82"]
[EventDate "2020.03.07"]
[EventCountry "CZE"]
[SourceTitle "playchess.com"]
[Source "ChessBase"]
[SourceQuality "1"]
[TimeControl "5400+30"]

1. e4 {[%emt 0:00:00]} c6 {[%emt 0:00:00]} 2. f4 {[%emt 0:02:29]} d5 {[%emt 0:01:03]} 3. e5 {[%emt 0:00:29]} Bf5 {[%emt 0:00:37]} 4. d4 {[%emt 0:02:04]} e6 {[%emt 0:00:46]} 5. Bd3 {[%emt 0:00:36]} Ne7 {[%emt 0:01:52]} 6. Nf3 {[%emt 0:01:20]} Bxd3 {[%emt 0:00:49]} 7. Qxd3 {[%emt 0:00:17]} Nd7 {[%emt 0:00:36]} 8. O-O {[%emt 0:01:05]} Qb6 {[%emt 0:00:58]} 9. b3 {[%emt 0:02:37]} c5 {[%emt 0:01:16]} 10. c3 {[%emt 0:01:12]} O-O-O {[%emt 0:03:10]} 11. Na3 {[%emt 0:03:44]} h6 {[%emt 0:06:35]} 12. Be3 {[%emt 0:02:24]} Nf5 {[%emt 0:01:23]} 13. Nc2 {[%emt 0:01:07]} Nxe3 {[%emt 0:00:46]} 14. Nxe3 {[%emt 0:01:00]} Be7 {[%emt 0:00:41]} 15. Kh1 {[%emt 0:00:54]} Rdg8 {[%emt 0:02:02]} 16. f5 {[%emt 0:01:18]} g5 {[%emt 0:03:43]} 17. f6 {[%emt 0:00:49]} Bf8 {[%emt 0:00:01]} 18. Rac1 {[%emt 0:00:34]} Kb8 {[%emt 0:01:26]} 19. Qc2 {[%emt 0:02:52]} g4 {[%emt 0:03:25]} 20. Nh4 {[%emt 0:00:58]} cxd4 {[%emt 0:02:04]} 21. cxd4 {[%emt 0:00:16]} Ba3 {[%emt 0:01:08]} 22. Rcd1 {[%emt 0:02:14]} Rc8 {[%emt 0:02:57]} 23. Qe2 {[%emt 0:02:54]} h5 {[%emt 0:00:49]} 24. Qf2 {[%emt 0:05:38]} Bf8 {[%emt 0:10:25]} 25. Qg3 {[%emt 0:03:37]} Ka8 {[%emt 0:07:53]} 26. Qf2 {[%emt 0:10:26]} Bh6 {[%emt 0:01:18]} 27. Nhf5 {[%emt 0:04:08]} Bxe3 {[%emt 0:02:26]} 28. Nxe3 {[%emt 0:00:47]} Rc3 {[%emt 0:01:21]} 29. Qd2 {[%emt 0:04:34]} Rhc8 {[%emt 0:00:56]} 30. h3 {[%emt 0:04:27]} gxh3 {[%emt 0:01:33]} 31. gxh3 {[%emt 0:03:42]} R3c7 {[%emt 0:05:32]} 32. Qe2 {[%emt 0:01:55]} Rh8 {[%emt 0:01:55]} 33. Rg1 {[%emt 0:01:02]} Nf8 {[%emt 0:01:29]} 34. Rg5 {[%emt 0:00:58]} h4 {[%emt 0:04:57]} 35. Rh5 {[%emt 0:00:26]} Rxh5 {[%emt 0:00:20]} 36. Qxh5 {[%emt 0:00:11]} Ng6 {[%emt 0:00:11]} 37. Qh7 {[%emt 0:01:06]} a5 {[%emt 0:02:00]} 38. Ng4 {[%emt 0:04:40]} Qb5 {[%emt 0:01:45]} 39. Qg8+ {[%emt 0:03:08]} Ka7 {[%emt 0:00:34]} 40. Qd8 {[%emt 0:00:44]} Qe2 {[%emt 0:02:19]} 41. Qxc7 {[%emt 0:01:07]} Qxd1+ {[%emt 0:00:03]} 1/2-1/2

[Event "CZE National Open 2020"]
[Site "Kouty nad Desnou"]
[Date "2020.03.09"]
[Round "3.3"]
[White "Hrbek, Jachym"]
[Black "Svacina, Tobias"]
[Result "1-0"]
[WhiteElo "1433"]
[BlackElo "1601"]
[Annotator "NA RC"]
[PlyCount "29"]
[EventDate "2020.03.07"]
[EventCountry "CZE"]
[SourceTitle "playchess.com"]
[Source "ChessBase"]
[SourceQuality "1"]
[TimeControl "5400+30"]

1. e4 {[%emt 0:00:00]} e5 {[%emt 0:00:00]} 2. f4 {[%emt 0:01:22]} exf4 {[%emt 0:00:21]} 3. Nf3 {[%emt 0:00:12]} h6 {[%emt 0:00:27]} 4. Bc4 {[%emt 0:00:30]} d6 {[%emt 0:00:24]} 5. d4 {[%emt 0:04:23]} g5 {[%emt 0:00:56]} 6. O-O {[%emt 0:00:52]} Bg7 {[%emt 0:01:39]} 7. g3 {[%emt 0:04:53]} Bh3 {[%emt 0:12:02]} 8. Rf2 {[%emt 0:00:20]} fxg3 {[%emt 0:00:57]} 9. Bxf7+ {[%emt 0:11:47]} Kxf7 {[%emt 0:50:23]} 10. Ne5+ {[%emt 0:00:16]} Ke6 {[%emt 0:00:07]} 11. d5+ {[%emt 0:00:30]} Kxe5 {[%emt 0:00:08]} 12. hxg3 {[%emt 0:00:33]} Ne7 {[%emt 0:00:22]} 13. b3 {[%emt 0:00:55]} Kxe4 {[%emt 0:00:34]} 14. Qd3+ {[%emt 0:00:16]} Ke5 {[%emt 0:00:02]} 15. Bb2# {[%emt 0:00:07]} 1-0

[Event "CZE National Open 2020"]
[Site "Kouty nad Desnou"]
[Date "2020.03.09"]
[Round "3.4"]
[White "Mametev, Artem"]
[Black "Cizek, Jan"]
[Result "0-1"]
[WhiteElo "1419"]
[BlackElo "1566"]
[Annotator "NA RC"]
[PlyCount "126"]
[EventDate "2020.03.07"]
[EventCountry "CZE"]
[SourceTitle "playchess.com"]
[Source "ChessBase"]
[SourceQuality "1"]
[TimeControl "5400+30"]

1. e4 {[%emt 0:00:00]} e6 {[%emt 0:00:44]} 2. d4 {[%emt 0:00:00]} d5 {[%emt 0:00:09]} 3. e5 {[%emt 0:00:00]} c5 {[%emt 0:00:37]} 4. c3 {[%emt 0:00:00]} Qb6 {[%emt 0:00:52]} 5. Nf3 {[%emt 0:00:07]} Bd7 {[%emt 0:00:18]} 6. Be2 {[%emt 0:00:55]} cxd4 {[%emt 0:01:02]} 7. cxd4 {[%emt 0:00:18]} Bb5 {[%emt 0:00:14]} 8. Nc3 {[%emt 0:02:17]} Bxe2 {[%emt 0:00:12]} 9. Qxe2 {[%emt 0:00:13]} Qa6 {[%emt 0:03:25]} 10. Qb5+ {[%emt 0:02:49]} Qxb5 {[%emt 0:00:13]} 11. Nxb5 {[%emt 0:00:08]} Kd7 {[%emt 0:00:11]} 12. Ng5 {[%emt 0:02:01]} Nh6 {[%emt 0:00:21]} 13. Bd2 {[%emt 0:01:52]} a6 {[%emt 0:01:13]} 14. Nc3 {[%emt 0:00:34]} b5 {[%emt 0:01:06]} 15. O-O {[%emt 0:01:23]} Nc6 {[%emt 0:00:38]} 16. Be3 {[%emt 0:00:36]} f6 {[%emt 0:02:17]} 17. Nf3 {[%emt 0:02:39]} Nf5 {[%emt 0:01:47]} 18. Rfe1 {[%emt 0:02:33]} Bb4 {[%emt 0:03:07]} 19. g4 {[%emt 0:02:24]} Nfe7 {[%emt 0:01:28]} 20. a3 {[%emt 0:00:48]} Ba5 {[%emt 0:00:13]} 21. b4 {[%emt 0:00:58]} Bc7 {[%emt 0:01:27]} 22. Bf4 {[%emt 0:04:37]} Ng6 {[%emt 0:02:02]} 23. Bg3 {[%emt 0:01:41]} fxe5 {[%emt 0:01:11]} 24. Nxe5+ {[%emt 0:00:40]} Ngxe5 {[%emt 0:00:17]} 25. Bxe5 {[%emt 0:00:11]} Nxe5 {[%emt 0:00:29]} 26. dxe5 {[%emt 0:00:09]} Rhf8 {[%emt 0:03:09]} 27. a4 {[%emt 0:01:16]} Bb6 {[%emt 0:00:24]} 28. Re2 {[%emt 0:00:41]} Bd4 {[%emt 0:00:47]} 29. Rc1 {[%emt 0:01:26]} Rac8 {[%emt 0:00:18]} 30. Rec2 {[%emt 0:04:31]} Bxe5 {[%emt 0:03:54]} 31. axb5 {[%emt 0:00:48]} Bxc3 {[%emt 0:00:05]} 32. Rxc3 {[%emt 0:00:29]} axb5 {[%emt 0:00:12]} 33. Kf1 {[%emt 0:02:56]} Rc4 {[%emt 0:00:28]} 34. Ke2 {[%emt 0:00:47]} Kd6 {[%emt 0:00:09]} 35. f3 {[%emt 0:00:56]} e5 {[%emt 0:00:23]} 36. Rxc4 {[%emt 0:00:30]} bxc4 {[%emt 0:00:07]} 37. Ra1 {[%emt 0:00:10]} Rc8 {[%emt 0:02:22]} 38. Kd2 {[%emt 0:01:49]} d4 {[%emt 0:00:41]} 39. b5 {[%emt 0:01:21]} Kc5 {[%emt 0:00:16]} 40. Re1 {[%emt 0:00:21]} Kd5 {[%emt 0:02:38]} 41. b6 {[%emt 0:00:50]} Rb8 {[%emt 0:00:51]} 42. Rb1 {[%emt 0:00:31]} Kc5 {[%emt 0:00:11]} 43. b7 {[%emt 0:00:28]} Kc6 {[%emt 0:00:08]} 44. Re1 {[%emt 0:00:10]} Rxb7 {[%emt 0:00:07]} 45. Rxe5 {[%emt 0:00:20]} Kd6 {[%emt 0:00:22]} 46. f4 {[%emt 0:00:43]} Rb2+ {[%emt 0:00:07]} 47. Kc1 {[%emt 0:00:13]} Rxh2 {[%emt 0:00:08]} 48. Re4 {[%emt 0:00:08]} Kc5 {[%emt 0:00:16]} 49. Re7 {[%emt 0:01:33]} g6 {[%emt 0:00:52]} 50. f5 {[%emt 0:00:28]} gxf5 {[%emt 0:00:12]} 51. gxf5 {[%emt 0:00:16]} Rf2 {[%emt 0:00:12]} 52. Rf7 {[%emt 0:00:49]} Kb4 {[%emt 0:00:12]} 53. Rxh7 {[%emt 0:00:42]} Rxf5 {[%emt 0:00:05]} 54. Rh3 {[%emt 0:00:21]} Rf2 {[%emt 0:00:11]} 55. Rg3 {[%emt 0:00:49]} c3 {[%emt 0:00:08]} 56. Rg8 {[%emt 0:00:22]} Kc4 {[%emt 0:00:19]} 57. Rg3 {[%emt 0:00:55]} Kb3 {[%emt 0:00:09]} 58. Kd1 {[%emt 0:00:39]} Kb2 {[%emt 0:00:05]} 59. Ke1 {[%emt 0:01:18]} Rh2 {[%emt 0:00:24]} 60. Rg8 {[%emt 0:00:05]} c2 {[%emt 0:00:10]} 61. Rb8+ {[%emt 0:00:09]} Kc3 {[%emt 0:00:17]} 62. Rc8+ {[%emt 0:00:10]} Kd3 {[%emt 0:00:08]} 63. Rc7 {[%emt 0:00:22]} Rh1+ {[%emt 0:00:06]} 0-1

[Event "CZE National Open 2020"]
[Site "Kouty nad Desnou"]
[Date "2020.03.09"]
[Round "3.5"]
[White "Vyhnalek, Jan"]
[Black "Blaha, Lukas"]
[Result "1-0"]
[WhiteElo "1528"]
[BlackElo "1401"]
[Annotator "NA"]
[PlyCount "79"]
[EventDate "2020.03.07"]
[EventCountry "CZE"]
[SourceTitle "playchess.com"]
[Source "ChessBase"]
[SourceQuality "1"]
[TimeControl "5400+30"]

1. d4 {[%emt 0:00:00]} d5 {[%emt 0:00:00]} 2. c4 {[%emt 0:00:00]} e6 {[%emt 0:00:28]} 3. Nf3 {[%emt 0:00:25]} Nf6 {[%emt 0:01:32]} 4. Bg5 {[%emt 0:00:06]} Be7 {[%emt 0:00:13]} 5. Nc3 {[%emt 0:01:04]} Nbd7 {[%emt 0:01:08]} 6. e3 {[%emt 0:00:26]} c6 {[%emt 0:13:18]} 7. Bd3 {[%emt 0:00:35]} Ng8 {[%emt 0:07:57]} 8. Bf4 {[%emt 0:01:38]} h6 {[%emt 0:04:03]} 9. O-O {[%emt 0:00:29]} h5 {[%emt 0:02:21]} 10. e4 {[%emt 0:03:33]} g5 {[%emt 0:04:20]} 11. Be3 {[%emt 0:03:07]} g4 {[%emt 0:05:36]} 12. Nd2 {[%emt 0:02:01]} Nb6 {[%emt 0:06:10]} 13. exd5 {[%emt 0:03:03]} cxd5 {[%emt 0:02:25]} 14. c5 {[%emt 0:05:23]} Nd7 {[%emt 0:01:03]} 15. Qa4 {[%emt 0:01:13]} a6 {[%emt 0:02:07]} 16. Bf4 {[%emt 0:02:18]} Bg5 {[%emt 0:04:10]} 17. Bxg5 {[%emt 0:08:15]} Qxg5 {[%emt 0:00:08]} 18. Nb3 {[%emt 0:00:20]} Ne7 {[%emt 0:02:20]} 19. Rae1 {[%emt 0:01:58]} Rg8 {[%emt 0:04:51]} 20. Nb5 {[%emt 0:02:46]} Kf8 {[%emt 0:05:46]} 21. Nd6 {[%emt 0:01:17]} Nf6 {[%emt 0:05:26]} 22. Re5 {[%emt 0:06:41]} Qh6 {[%emt 0:05:25]} 23. f4 {[%emt 0:12:18]} g3 {[%emt 0:07:05]} 24. h3 {[%emt 0:02:15]} Ng6 {[%emt 0:05:42]} 25. Bxg6 {[%emt 0:20:55]} Rxg6 {[%emt 0:02:57]} 26. Qa5 {[%emt 0:00:26]} Kg7 {[%emt 0:05:48]} 27. Qc7 {[%emt 0:00:31]} Bd7 {[%emt 0:00:12]} 28. Qxb7 {[%emt 0:00:56]} Qh8 {[%emt 0:00:48]} 29. c6 {[%emt 0:00:52]} Rb8 {[%emt 0:00:39]} 30. Qc7 {[%emt 0:00:21]} Rc8 {[%emt 0:00:30]} 31. Nxc8 {[%emt 0:00:16]} Qxc8 {[%emt 0:00:20]} 32. Qxc8 {[%emt 0:00:38]} Bxc8 {[%emt 0:00:04]} 33. Nc5 {[%emt 0:00:16]} Kf8 {[%emt 0:00:24]} 34. Rc1 {[%emt 0:00:47]} Ne8 {[%emt 0:01:08]} 35. Rxh5 {[%emt 0:01:03]} Ke7 36. Re5 {[%emt 0:02:40]} Rf6 {[%emt 0:00:41]} 37. f5 {[%emt 0:00:45]} Rxf5 {[%emt 0:00:53]} 38. Rxf5 {[%emt 0:00:08]} exf5 {[%emt 0:00:04]} 39. Re1+ {[%emt 0:00:19]} Kd8 {[%emt 0:00:24]} 40. Nb7+ {[%emt 0:00:21]} 1-0

[Event "CZE National Open 2020"]
[Site "Kouty nad Desnou"]
[Date "2020.03.09"]
[Round "3.6"]
[White "Kozusnik, Roman"]
[Black "Cerny, Michael"]
[Result "1-0"]
[WhiteElo "1397"]
[BlackElo "1513"]
[Annotator "NA"]
[PlyCount "86"]
[EventDate "2020.03.07"]
[EventCountry "CZE"]
[SourceTitle "playchess.com"]
[Source "ChessBase"]
[SourceQuality "1"]
[TimeControl "5400+30"]

1. d4 {[%emt 0:00:00]} Nf6 {[%emt 0:00:00]} 2. c4 {[%emt 0:00:00]} g6 {[%emt 0:00:00]} 3. Nc3 {[%emt 0:00:24]} d5 {[%emt 0:00:00]} 4. e3 {[%emt 0:00:38]} Bg7 {[%emt 0:01:04]} 5. Bd3 {[%emt 0:02:11]} O-O {[%emt 0:00:40]} 6. h3 {[%emt 0:00:45]} c5 {[%emt 0:07:00]} 7. dxc5 {[%emt 0:09:38]} dxc4 {[%emt 0:00:53]} 8. Bxc4 {[%emt 0:00:24]} Qa5 {[%emt 0:00:05]} 9. b4 {[%emt 0:07:55]} Qxb4 {[%emt 0:00:57]} 10. Qb3 {[%emt 0:02:20]} Qxb3 {[%emt 0:00:21]} 11. axb3 {[%emt 0:00:03]} Ne4 {[%emt 0:00:18]} 12. Nd5 {[%emt 0:02:05]} Bxa1 {[%emt 0:03:30]} 13. Nc7 {[%emt 0:00:05]} Be5 {[%emt 0:00:29]} 14. Nxa8 {[%emt 0:00:04]} Nc6 {[%emt 0:02:43]} 15. f4 {[%emt 0:04:02]} Bc3+ {[%emt 0:01:56]} 16. Ke2 {[%emt 0:03:23]} Ba5 {[%emt 0:02:03]} 17. Kf3 {[%emt 0:01:13]} Nf6 {[%emt 0:00:59]} 18. Ba3 {[%emt 0:01:08]} Bf5 {[%emt 0:03:50]} 19. b4 {[%emt 0:01:34]} Nxb4 {[%emt 0:00:29]} 20. Bxb4 {[%emt 0:00:11]} Bxb4 {[%emt 0:00:07]} 21. Nc7 {[%emt 0:00:10]} Be4+ {[%emt 0:00:13]} 22. Kf2 {[%emt 0:01:23]} a6 {[%emt 0:00:16]} 23. Nf3 {[%emt 0:03:20]} Ba5 {[%emt 0:01:49]} 24. Bxf7+ {[%emt 0:01:08]} Kxf7 {[%emt 0:02:19]} 25. Ne5+ {[%emt 0:00:12]} Kg8 {[%emt 0:00:49]} 26. Ne6 {[%emt 0:00:07]} Rc8 {[%emt 0:01:15]} 27. Rd1 {[%emt 0:05:31]} Bd5 {[%emt 0:03:38]} 28. Ng5 {[%emt 0:00:52]} Rxc5 {[%emt 0:01:00]} 29. h4 {[%emt 0:04:44]} Rc2+ {[%emt 0:01:11]} 30. Kf1 {[%emt 0:00:52]} Bxg2+ {[%emt 0:00:21]} 31. Kg1 {[%emt 0:00:02]} Bb6 {[%emt 0:00:50]} 32. Rd3 {[%emt 0:00:30]} Be4 {[%emt 0:02:33]} 33. Rb3 {[%emt 0:00:54]} Ba7 {[%emt 0:01:19]} 34. Kf1 {[%emt 0:01:40]} Rc7 {[%emt 0:04:54]} 35. Rb4 {[%emt 0:02:45]} Bd5 {[%emt 0:02:33]} 36. e4 {[%emt 0:01:41]} Bc5 {[%emt 0:02:27]} 37. Rb1 {[%emt 0:03:35]} Nxe4 {[%emt 0:00:58]} 38. Ngf3 {[%emt 0:02:57]} b5 {[%emt 0:02:45]} 39. h5 {[%emt 0:01:08]} Ng3+ {[%emt 0:00:41]} 40. Kg2 {[%emt 0:00:41]} Nxh5 {[%emt 0:00:10]} 41. Rh1 {[%emt 0:00:34]} Nxf4+ {[%emt 0:00:48]} 42. Kg3 {[%emt 0:00:14]} Ne2+ {[%emt 0:00:52]} 43. Kg4 {[%emt 0:00:14]} Be6+ {[%emt 0:02:47]} 1-0

[Event "CZE National Open 2020"]
[Site "Kouty nad Desnou"]
[Date "2020.03.09"]
[Round "3.7"]
[White "Mrkvan, Frantisek"]
[Black "Strnad, Vladimir"]
[Result "1-0"]
[WhiteElo "1480"]
[BlackElo "1356"]
[Annotator "NA RC"]
[PlyCount "39"]
[EventDate "2020.03.07"]
[EventCountry "CZE"]
[SourceTitle "playchess.com"]
[Source "ChessBase"]
[SourceQuality "1"]
[TimeControl "5400+30"]

1. e4 {[%emt 0:00:00]} c5 {[%emt 0:00:00]} 2. Nf3 {[%emt 0:00:00]} Nc6 {[%emt 0:00:00]} 3. d4 {[%emt 0:00:00]} cxd4 {[%emt 0:00:00]} 4. Nxd4 {[%emt 0:00:00]} e5 {[%emt 0:00:00]} 5. Nb5 {[%emt 0:00:27]} d6 {[%emt 0:00:25]} 6. N1c3 {[%emt 0:00:18]} a6 {[%emt 0:00:09]} 7. Na3 {[%emt 0:00:08]} b5 {[%emt 0:00:34]} 8. Nd5 {[%emt 0:00:15]} Be6 {[%emt 0:01:37]} 9. c3 {[%emt 0:02:34]} Be7 {[%emt 0:01:23]} 10. Nc2 {[%emt 0:01:03]} h6 {[%emt 0:03:13]} 11. a4 {[%emt 0:01:24]} Na7 {[%emt 0:10:04]} 12. axb5 {[%emt 0:03:20]} axb5 {[%emt 0:05:17]} 13. Be3 {[%emt 0:03:47]} Qb8 {[%emt 0:02:57]} 14. Nb6 {[%emt 0:00:37]} Bg5 {[%emt 0:11:56]} 15. Nxa8 {[%emt 0:01:15]} Bxe3 {[%emt 0:01:46]} 16. Nxe3 {[%emt 0:00:07]} Bd7 {[%emt 0:00:24]} 17. Nd5 {[%emt 0:01:54]} Nf6 {[%emt 0:01:00]} 18. Nac7+ {[%emt 0:01:59]} Kf8 {[%emt 0:02:06]} 19. Nxf6 {[%emt 0:00:58]} gxf6 {[%emt 0:00:53]} 20. Qxd6+ {[%emt 0:00:21] Qd8} 1-0

[Event "CZE National Open 2020"]
[Site "Kouty nad Desnou"]
[Date "2020.03.09"]
[Round "3.8"]
[White "Ecler, Matej"]
[Black "Steinbauer, Sebastian"]
[Result "0-1"]
[WhiteElo "1232"]
[BlackElo "1527"]
[Annotator "NA"]
[PlyCount "78"]
[EventDate "2020.03.07"]
[EventCountry "CZE"]
[SourceTitle "playchess.com"]
[Source "ChessBase"]
[SourceQuality "1"]
[TimeControl "5400+30"]

1. e4 {[%emt 0:00:00]} c5 {[%emt 0:00:14]} 2. Nf3 {[%emt 0:00:00]} Nc6 {[%emt 0:00:10]} 3. d4 {[%emt 0:00:00]} cxd4 {[%emt 0:00:16]} 4. Nxd4 {[%emt 0:00:10]} g6 {[%emt 0:01:10]} 5. Be3 {[%emt 0:00:30]} Bg7 {[%emt 0:00:18]} 6. Nc3 {[%emt 0:00:42]} Nf6 {[%emt 0:02:16]} 7. Bc4 {[%emt 0:03:51]} O-O {[%emt 0:01:28]} 8. Qd2 {[%emt 0:02:24]} e6 {[%emt 0:04:48]} 9. f3 {[%emt 0:05:13]} d5 {[%emt 0:01:41]} 10. exd5 {[%emt 0:02:47]} Nxd5 {[%emt 0:02:29]} 11. Bxd5 {[%emt 0:05:13]} exd5 {[%emt 0:00:20]} 12. O-O-O {[%emt 0:01:50]} Re8 {[%emt 0:01:44]} 13. Nb3 {[%emt 0:02:38]} Be6 {[%emt 0:00:54]} 14. Rhe1 {[%emt 0:04:35]} Qh4 {[%emt 0:02:43]} 15. g3 {[%emt 0:11:53]} Qh3 {[%emt 0:06:27]} 16. Nb5 {[%emt 0:06:37]} Red8 {[%emt 0:06:23]} 17. Nc7 {[%emt 0:05:22]} Rac8 {[%emt 0:00:59]} 18. Nxe6 {[%emt 0:01:10]} fxe6 {[%emt 0:00:54]} 19. Nc5 {[%emt 0:02:58]} b6 {[%emt 0:01:39]} 20. Nb3 {[%emt 0:02:20]} Rd7 {[%emt 0:02:05]} 21. Qe2 {[%emt 0:03:34]} Nb4 {[%emt 0:03:30]} 22. Rd2 {[%emt 0:08:04]} Rdc7 {[%emt 0:01:21]} 23. Na1 {[%emt 0:03:39]} Qf5 {[%emt 0:23:08]} 24. g4 {[%emt 0:02:38]} Qf8 {[%emt 0:03:32]} 25. Kb1 {[%emt 0:02:33]} Qe8 {[%emt 0:09:43]} 26. a3 {[%emt 0:02:33]} Nc6 {[%emt 0:01:44]} 27. Bf4 {[%emt 0:01:13]} e5 {[%emt 0:01:34]} 28. Qb5 {[%emt 0:11:00]} Qf7 {[%emt 0:01:26]} 29. Be3 {[%emt 0:02:12]} d4 {[%emt 0:01:01]} 30. Bf2 {[%emt 0:02:27]} Na5 {[%emt 0:01:10]} 31. Qe2 {[%emt 0:00:57]} Nc4 {[%emt 0:01:14]} 32. Rd3 {[%emt 0:00:48]} a5 {[%emt 0:02:39]} 33. Bg3 {[%emt 0:01:27]} a4 {[%emt 0:01:51]} 34. h4 {[%emt 0:02:15]} Ne3 {[%emt 0:00:36]} 35. Rd2 {[%emt 0:00:38]} h6 {[%emt 0:01:12]} 36. Rh1 {[%emt 0:01:05]} Rc5 {[%emt 0:01:11]} 37. Bf2 {[%emt 0:00:34]} Nc4 {[%emt 0:03:44]} 38. Rd3 Rb5 {[%emt 0:00:45]} 39. b3 {[%emt 0:01:40]} Nxa3+ {[%emt 0:00:30]} 0-1

[Event "CZE National Open 2020"]
[Site "Kouty nad Desnou"]
[Date "2020.03.09"]
[Round "3.9"]
[White "Cipl, Jan"]
[Black "Ptacek, Vladimir"]
[Result "1-0"]
[WhiteElo "1526"]
[BlackElo "1297"]
[Annotator "NA"]
[PlyCount "99"]
[EventDate "2020.03.07"]
[EventCountry "CZE"]
[SourceTitle "playchess.com"]
[Source "ChessBase"]
[SourceQuality "1"]
[TimeControl "5400+30"]

1. e4 {[%emt 0:00:00]} d6 {[%emt 0:00:18]} 2. d4 {[%emt 0:01:13]} Nf6 {[%emt 0:00:18]} 3. Nc3 {[%emt 0:02:47]} Nbd7 {[%emt 0:00:30]} 4. Nf3 {[%emt 0:01:20]} e5 {[%emt 0:00:54]} 5. Bc4 {[%emt 0:06:35]} h6 {[%emt 0:02:25]} 6. O-O {[%emt 0:03:00]} c6 {[%emt 0:00:36]} 7. dxe5 {[%emt 0:02:41]} dxe5 {[%emt 0:00:16]} 8. Be3 {[%emt 0:00:34]} Qc7 {[%emt 0:00:08]} 9. Qe2 {[%emt 0:02:13]} Nc5 {[%emt 0:00:48]} 10. Nd2 {[%emt 0:06:24]} b5 {[%emt 0:03:14]} 11. Bxc5 {[%emt 0:08:18]} Bxc5 {[%emt 0:00:07]} 12. Bb3 {[%emt 0:00:27]} O-O {[%emt 0:00:24]} 13. h3 {[%emt 0:00:39]} a5 {[%emt 0:00:16]} 14. a3 {[%emt 0:00:28]} Ba6 {[%emt 0:03:47]} 15. Nd1 {[%emt 0:06:12]} Rfd8 {[%emt 0:03:48]} 16. Nf3 {[%emt 0:02:21]} Nh5 {[%emt 0:01:34]} 17. Nh4 {[%emt 0:11:04]} Nf4 {[%emt 0:24:01]} 18. Qg4 {[%emt 0:01:47]} Bc8 {[%emt 0:02:05]} 19. Nf5 {[%emt 0:02:17]} Bxf5 {[%emt 0:03:00]} 20. exf5 Be7 {[%emt 0:09:15]} 21. Ne3 {[%emt 0:04:16]} Bf6 {[%emt 0:03:18]} 22. Rad1 {[%emt 0:00:39]} a4 {[%emt 0:02:52]} 23. Ba2 {[%emt 0:00:24]} Rxd1 {[%emt 0:00:44]} 24. Rxd1 {[%emt 0:00:19]} Rd8 {[%emt 0:01:22]} 25. Kf1 {[%emt 0:03:02]} Rxd1+ {[%emt 0:06:54]} 26. Qxd1 {[%emt 0:01:37]} Qd8 {[%emt 0:00:46]} 27. b3 {[%emt 0:02:54]} Qxd1+ {[%emt 0:00:41]} 28. Nxd1 {[%emt 0:00:09]} Nd5 {[%emt 0:00:19]} 29. bxa4 {[%emt 0:01:05]} bxa4 {[%emt 0:00:02]} 30. Bxd5 {[%emt 0:00:34]} cxd5 {[%emt 0:00:02]} 31. Nc3 {[%emt 0:00:18]} d4 {[%emt 0:00:22]} 32. Nxa4 {[%emt 0:01:00]} Be7 {[%emt 0:00:06]} 33. Nb6 {[%emt 0:00:53]} f6 {[%emt 0:01:18]} 34. a4 {[%emt 0:00:20]} Bc5 {[%emt 0:01:01]} 35. Nd7 {[%emt 0:00:36]} Ba7 {[%emt 0:00:46]} 36. a5 {[%emt 0:01:26]} Kf7 {[%emt 0:00:08]} 37. Nb6 {[%emt 0:00:33]} Ke8 {[%emt 0:00:19]} 38. Nc4 {[%emt 0:00:48]} Kd7 {[%emt 0:00:21]} 39. Ke2 {[%emt 0:00:19]} Kc6 {[%emt 0:01:56]} 40. Kd3 {[%emt 0:01:49]} Kd5 {[%emt 0:00:34]} 41. f3 {[%emt 0:00:16]} Kc6 {[%emt 0:02:57]} 42. c3 {[%emt 0:03:24]} dxc3 {[%emt 0:00:15]} 43. Kxc3 {[%emt 0:00:13]} Kc5 {[%emt 0:00:07]} 44. Kd3 {[%emt 0:00:25]} Kd5 {[%emt 0:00:23]} 45. Nb6+ {[%emt 0:01:27]} Kc5 {[%emt 0:02:15]} 46. Nc8 {[%emt 0:00:37]} Bb8 {[%emt 0:00:25]} 47. a6 {[%emt 0:00:04]} Kc6 {[%emt 0:01:07]} 48. a7 {[%emt 0:00:05]} Kb7 {[%emt 0:00:00]} 49. axb8=Q+ {[%emt 0:00:09]} Kxb8 50. Nd6 1-0